| 000 | 00777nam a2200217 i 4500 | ||
|---|---|---|---|
| 001 | 36877 | ||
| 003 | ES-MaACL | ||
| 005 | 20250830063153.0 | ||
| 007 | t| | ||
| 008 | 030219s1969 sp |||| | spa d | ||
| 100 | 1 |
_aBouyer, Louis ( _d1913-2004) _931095 |
|
| 245 | 1 | 0 |
_aEucarístia _b: teología y espiritualidad de la oración eucarística / _cLouis Bouyer ; [versión de Alejandro Esteban Lator Ros]. |
| 260 |
_aBarcelona : _bHerder, _c1969. |
||
| 300 |
_a486 p. ; _c22 cm. |
||
| 490 | 1 |
_aBiblioteca Herder. Sección de Liturgia ; _v114 |
|
| 650 | 0 | 4 |
_aEucaristía- _xAdoración. _9156354 |
| 700 | 1 |
_aLator Ros, Alejandro Esteban. _970527 |
|
| 830 | 0 | 0 |
_aBiblioteca Herder. _pSección de liturgia _v114 _9229612 |
| 852 |
_aES-MaACL _jC-37145 |
||
| 999 |
_c36877 _d36877 |
||